Plancton marino de aguas chilenas
Сохранить в:
| Главный автор: | |
|---|---|
| Другие авторы: | |
| Формат: | |
| Язык: | испанский |
| Опубликовано: |
Valparaíso, Chile:
Ediciones Universitarias de Valparaíso,
1993.
|
| Серии: | Colección Universidad.
|
| Предметы: | |
| Online-ссылка: | Disponible Online |
| Метки: |
Добавить метку
Нет меток, Требуется 1-ая метка записи!
|
MARC
| LEADER | 00000nam a2200000 a 4500 | ||
|---|---|---|---|
| 001 | UCX8451 | ||
| 003 | CL-VaPUC | ||
| 005 | 20241011114527.0 | ||
| 008 | 940404e19930000CL |||||||||||||||||spa|d | ||
| 999 | |c 227947 |d 227945 | ||
| 040 | |c Pontificia Universidad Católica de Valparaíso | ||
| 082 | 0 | 4 | |a 577.76 PAL 1993 |2 21 |
| 100 | |a Palma González, Sergio Servando |e autor |9 525305 | ||
| 245 | 1 | 0 | |a Plancton marino de aguas chilenas |
| 260 | 0 | 3 | |a Valparaíso, Chile: |b Ediciones Universitarias de Valparaíso, |c 1993. |
| 300 | |a 151 páginas | ||
| 490 | |a Colección Universidad. | ||
| 583 | |a last modification |c 20171031 10:59:58 |k Rodrigo Vera | ||
| 650 | 0 | |a Plancton marino |2 CL-VaPUC |9 261723 | |
| 700 | 1 | |a Kaiser Contreras, Karim |e autora |9 880075 | |
| 856 | |u https://bibliografiadigital.pucv.cl/index.php/bibliotecapucv/catalog/book/252 |y Disponible Online | ||
| 942 | |c BK |2 ddc |n 0 | ||
| 945 | |d 19940404 00:00:00 |a mfernand | ||
| 952 | |0 0 |1 0 |2 ddc |4 0 |6 577_760000000000000_PAL_1993 |7 0 |8 A |9 227428 |a BIBCUR |b BIBCUR |d 2019-11-15 |i 2966611 |o 577.76 PAL 1993 |p 2966611 |r 2025-04-22 |t 10 |w 2019-11-15 |y BK |k CIM | ||
| 952 | |0 0 |1 0 |2 ddc |4 0 |6 577_760000000000000_PAL_1993 |7 0 |8 A |9 227429 |a BIBCUR |b BIBCUR |d 2019-11-15 |i 2989603 |o 577.76 PAL 1993 |p 2989603 |r 2025-04-22 |t 9 |w 2019-11-15 |y BK |k CIM | ||
| 952 | |0 0 |1 0 |2 ddc |4 0 |6 577_760000000000000_PAL_1993 |7 0 |8 A |9 227430 |a BIBCUR |b BIBCUR |d 2019-11-15 |i 1962582 |o 577.76 PAL 1993 |p 1962582 |r 2025-04-22 |t 8 |w 2019-11-15 |y BK |k CIM | ||
| 952 | |0 0 |1 0 |2 ddc |4 0 |6 577_760000000000000_PAL_1993 |7 0 |8 A |9 227431 |a BIBCUR |b BIBCUR |d 2019-11-15 |i 1962590 |o 577.76 PAL 1993 |p 1962590 |r 2025-04-22 |t 7 |w 2019-11-15 |y BK |k CIM | ||
| 952 | |0 0 |1 0 |2 ddc |4 0 |6 577_760000000000000_PAL_1993 |7 0 |8 A |9 227432 |a BIBCUR |b BIBCUR |d 2019-11-15 |i 4138910 |l 4 |m 3 |o 577.76 PAL 1993 |p 4138910 |r 2025-04-22 |s 2024-04-18 |t 6 |w 2019-11-15 |y BK |k CIM | ||
| 952 | |0 0 |1 0 |2 ddc |4 0 |6 577_760000000000000_PAL_1993 |7 0 |8 A |9 408488 |a BIBCUR |b BIBCUR |d 2019-11-22 |i 4358848 |l 1 |o 577.76 PAL 1993 |p 4358848 |r 2025-04-22 |s 2023-04-13 |t 4 |w 2019-11-22 |y BK |k CIM | ||
| 952 | |0 0 |1 0 |2 ddc |4 0 |6 577_760000000000000_PAL_1993 |7 0 |8 A |9 408489 |a BIBCUR |b BIBCUR |d 2019-11-22 |i 4358856 |l 1 |o 577.76 PAL 1993 |p 4358856 |r 2025-04-22 |s 2021-03-09 |t 3 |w 2019-11-22 |y BK |k CIM | ||
| 952 | |0 0 |1 0 |2 ddc |4 0 |6 577_760000000000000_PAL_1993 |7 0 |8 A |9 408490 |a BIBCUR |b BIBCUR |d 2019-11-22 |i 4358864 |o 577.76 PAL 1993 |p 4358864 |r 2025-04-22 |t 2 |w 2019-11-22 |y BK |k CIM | ||
| 952 | |0 0 |1 0 |2 ddc |4 0 |6 577_760000000000000_PAL_1993 |7 0 |8 X |9 408491 |a FDOBUD |b FDOBUD |d 2019-11-22 |i 454658K |o 577.76 PAL 1993 |p 454658K |r 2019-11-22 |t 1 |w 2019-11-22 |y BK_X |k FHP | ||